• 首页
  • 本馆介绍
  • 公告通知
  • 最新文献
  • 馆藏检索
  • 电子资源
  • 读者导购
  • 参考咨询
  • 我的图书馆
  • 登录
  • 详细信息显示
  • 放入我的书架
  • 预约/预借图书
  • 作者相关作品
  • 分类相关作品
  • 丛书相关作品
  • 出版社相关作品

书目信息

  • 表格格式
  • 工作单格式
  • 卡片格式
题名:
房地产交易
    
 
作者: 郑瑞琨 著
分册:  
出版信息: 北京   北京大学出版社  2007
页数: 357页
开本: 23cm
丛书名: 房地产法理论与实务丛书
单 册:
中图分类: D922.181.4
科图分类:
主题词: 房地产--交易--法律--基本知识--中国 , 房地产 , 交易 , 法律
电子资源:
ISBN: 978-7-301-12806-0
000 00955oam2 2200301 450
001 010010008124
005 20091208144550.51
010    @a978-7-301-12806-0@dCNY41.00
100    @a20071110d2007 em y0chiy0110 ea
101 0  @achi
102    @aCN@b110000
105    @ay z 000yy
106    @ar
200 1  @a房地产交易@9fang di chan jiao yi@f郑瑞琨等著
210    @a北京@c北京大学出版社@d2007
215    @a357页@d23cm
225 2  @a房地产法理论与实务丛书
330    @a本书全面概括又深入浅出地介绍了房地产交易法律制度的所有重要方面,内容涉及房地产转让制度、房地产预售和按揭制度、房地产生赁制度等。
461  0 @12001 @a房地产法理论与实务丛书
510 1  @aReal estate transactions@zeng
606 0  @a房地产@x交易@x法律@x基本知识@y中国
606 0  @a房地产
606 0  @a交易
606 0  @a法律
690    @aD922.181.4@v4
701  0 @a郑瑞琨@9zheng rui kun@4著
801  0 @aCN@bRENTIAN@c20091208
905    @b20795306-11@dD922.181.4@e867@f6
    
    房地产交易/郑瑞琨等著.-北京:北京大学出版社,2007
    357页;23cm.-(房地产法理论与实务丛书)
    
    
    ISBN 978-7-301-12806-0:CNY41.00
    本书全面概括又深入浅出地介绍了房地产交易法律制度的所有重要方面,内容涉及房地产转让制度、房地产预售和按揭制度、房地产生赁制度等。
●
相关链接 在E读中查询图书 在五车中查询图书 在当当中查询图书 在豆瓣中查询图书


正题名:房地产交易     索取号:D922.181.4/867         预约/预借

序号 登录号 条形码 馆藏地/架位号 状态 备注
1 795306   207953062   第一样本阅览室/ [索取号:D922.181.4/867] 在馆    
2 795307   207953071   第一借阅区/ [索取号:D922.181.4/867] 在馆    
3 795308   207953080   第一借阅区/ [索取号:D922.181.4/867] 在馆    
4 795309   207953099   第一借阅区/ [索取号:D922.181.4/867] 在馆    
5 795310   207953106   第一借阅区/ [索取号:D922.181.4/867] 在馆    
6 795311   207953115   第一借阅区/ [索取号:D922.181.4/867] 在馆    
唐山师范学院图书馆 欢迎您!
大连网信软件有限公司© 版权所有